The Law reports Queen's Bench Division 1899 Vol. 2 / (Record no. 1146)
[ view plain ]
| 000 -LEADER | |
|---|---|
| fixed length control field | 02852cas a2200493 a 4500 |
| 001 - CONTROL NUMBER | |
| control field | 11467998 |
| 003 - CONTROL NUMBER IDENTIFIER | |
| control field | OSt |
| 005 - DATE AND TIME OF LATEST TRANSACTION | |
| control field | 20110914114035.0 |
| 008 - FIXED-LENGTH DATA ELEMENTS--GENERAL INFORMATION | |
| fixed length control field | 770217d18811881enkar w a eng d |
| 010 ## - LIBRARY OF CONGRESS CONTROL NUMBER | |
| LC control number | 96644934 |
| Canceled/invalid LC control number | sn 87044188 |
| 035 ## - SYSTEM CONTROL NUMBER | |
| System control number | (OCoLC)ocm02746383 |
| 040 ## - CATALOGING SOURCE | |
| Original cataloging agency | NIC |
| Transcribing agency | NIC |
| Modifying agency | MH |
| -- | NST |
| -- | DLC |
| 042 ## - AUTHENTICATION CODE | |
| Authentication code | lc |
| 043 ## - GEOGRAPHIC AREA CODE | |
| Geographic area code | e-uk--- |
| 050 00 - LIBRARY OF CONGRESS CALL NUMBER | |
| Classification number | KD277.2 |
| Item number | .L39 |
| 082 ## - DEWEY DECIMAL CLASSIFICATION NUMBER | |
| Edition number | 223 |
| Classification number | 348.041 QUE |
| 245 04 - TITLE STATEMENT | |
| Title | The Law reports Queen's Bench Division 1899 Vol. 2 / |
| Name of part/section of a work | Cases determined by the Queen's Bench Division and by the Common Pleas and Exchequer divisions of the High Court of Justice, and by the Court of Appeal on appeal therefrom, and by the Court for Crown Cases Reserved. |
| 246 10 - VARYING FORM OF TITLE | |
| Title proper/short title | Cases determined by the Queen's Bench Division and by the Common Pleas and Exchequer divisions of the High Court of Justice, and by the Court of Appeal on appeal therefrom, and by the Court for Crown Cases Reserved |
| 246 18 - VARYING FORM OF TITLE | |
| Title proper/short title | Law reports. |
| Name of part/section of a work | Queen's Bench Division |
| 260 ## - PUBLICATION, DISTRIBUTION, ETC. (IMPRINT) | |
| Place of publication, distribution, etc | London : |
| Name of publisher, distributor, etc | Printed for the Incorporated Council of Law Reporting for England and Wales by W. Clowes and Sons, |
| Date of publication, distribution, etc | 1974. |
| 300 ## - PHYSICAL DESCRIPTION | |
| Extent | 1 v. ; |
| Dimensions | 25 cm. |
| 310 ## - CURRENT PUBLICATION FREQUENCY | |
| Current publication frequency | Annual |
| 362 0# - DATES OF PUBLICATION AND/OR SEQUENTIAL DESIGNATION | |
| Dates of publication and/or sequential designation | Vol. 6 (1880-81). |
| 500 ## - GENERAL NOTE | |
| General note | Edited by James Redfoord Bulwer. |
| 515 ## - NUMBERING PECULIARITIES NOTE | |
| Numbering peculiarities note | Vol. for 1899 |
| 580 ## - LINKING ENTRY COMPLEXITY NOTE | |
| Linking entry complexity note | Merger of: Law reports. Exchequer Division; and, Law Reports. Common Pleas Division; and, Law reports. Queen's Bench Division. |
| 580 ## - LINKING ENTRY COMPLEXITY NOTE | |
| Linking entry complexity note | Continued in 1881 by: Law reports. Cases determined in the Queen's Bench Division and on appeal therefrom in the Court of Appeal and decisions on Crown cases reserved. |
| 650 #0 - SUBJECT ADDED ENTRY--TOPICAL TERM | |
| Topical term or geographic name as entry element | Law reports, digests, etc. |
| Geographic subdivision | Great Britain. |
| 9 (RLIN) | 3471 |
| 700 1# - ADDED ENTRY--PERSONAL NAME | |
| Personal name | Bulwer, James Redfoord. |
| 9 (RLIN) | 3472 |
| 710 1# - ADDED ENTRY--CORPORATE NAME | |
| Corporate name or jurisdiction name as entry element | Great Britain. |
| Subordinate unit | High Court of Justice. |
| -- | Queen's Bench Division. |
| 9 (RLIN) | 3473 |
| 710 1# - ADDED ENTRY--CORPORATE NAME | |
| Corporate name or jurisdiction name as entry element | Great Britain. |
| Subordinate unit | High Court of Justice. |
| -- | Common Pleas Division. |
| 9 (RLIN) | 3474 |
| 710 1# - ADDED ENTRY--CORPORATE NAME | |
| Corporate name or jurisdiction name as entry element | Great Britain. |
| Subordinate unit | High Court of Justice. |
| -- | Exchequer Division. |
| 9 (RLIN) | 3475 |
| 710 1# - ADDED ENTRY--CORPORATE NAME | |
| Corporate name or jurisdiction name as entry element | Great Britain. |
| Subordinate unit | Court for Crown Cases Reserved. |
| 9 (RLIN) | 3476 |
| 710 1# - ADDED ENTRY--CORPORATE NAME | |
| Corporate name or jurisdiction name as entry element | Great Britain. |
| Subordinate unit | Court of Appeal. |
| 9 (RLIN) | 3477 |
| 710 2# - ADDED ENTRY--CORPORATE NAME | |
| Corporate name or jurisdiction name as entry element | Incorporated Council of Law Reporting for England and Wales. |
| 9 (RLIN) | 2564 |
| 780 14 - PRECEDING ENTRY | |
| Title | Law reports. Exchequer Division |
| Record control number | (DLC) 96644940 |
| -- | (OCoLC)2746169 |
| 780 14 - PRECEDING ENTRY | |
| Title | Law reports. Common Pleas Division |
| Record control number | (DLC) 96644938 |
| -- | (OCoLC)2746307 |
| 780 14 - PRECEDING ENTRY | |
| Title | Law reports. Queen's Bench Division |
| Record control number | (DLC) 96644933 |
| -- | (OCoLC)2746335 |
| 785 10 - SUCCEEDING ENTRY | |
| Title | Law reports. Cases determined in the Queen's Bench Division and on appeal therefrom in the Court of Appeal and decisions on Crown cases reserved |
| Record control number | (DLC) 96644935 |
| -- | (OCoLC)2758779 |
| 906 ## - LOCAL DATA ELEMENT F, LDF (RLIN) | |
| a | 7 |
| b | cbc |
| c | serials |
| d | u |
| e | ncip |
| f | 19 |
| g | n-oclcserc |
| 942 ## - ADDED ENTRY ELEMENTS (KOHA) | |
| Source of classification or shelving scheme | Dewey Decimal Classification |
| Koha item type | Books |
| Withdrawn status | Lost status | Source of classification or shelving scheme | Damaged status | Not for loan | Home library | Current library | Shelving location | Date acquired | Total Checkouts | Full call number | Barcode | Date last seen | Price effective from | Koha item type |
|---|---|---|---|---|---|---|---|---|---|---|---|---|---|---|
| Dewey Decimal Classification | Law Development Centre Main Library | Law Development Centre Main Library | Law Reports | 05/05/2011 | 348.041 QUE | 2011/414 | 05/05/2011 | 05/05/2011 | Law Reports |
